000 00281 a2200121 4500
999 _c321677
_d321677
001 86604
003 NUST
005 20180123103027.0
008 180123b xxu||||| |||| 00| 0 eng d
082 _a297.2092 SCH
100 _aSchimmel
_99558
245 _aGabriel's Wing
_hEnglish
260 _aPakistan
_bIqbal Academy
_c2009
300 _axv+428
942 _aCAE NUST
_cBK
_k297.2092 SCH
_2ddc